Mr. Detox; The Game Changer of Heath/ (Record no. 208594)

MARC details
000 -LEADER
fixed length control field 00547nam a22001937a 4500
005 - DATE AND TIME OF LATEST TRANSACTION
control field 20250120121726.0
010 ## - LCCN (DPL NO)
LC control number ENG-143530
020 ## - INTERNATIONAL STANDARD BOOK NUMBER
Terms of availability 150.00
035 ## - SYSTEM CONTROL NUMBER
System control number EN-127062
037 ## - SOURCE OF ACQUISITION
Source of stock number/acquisition DBAD
082 ## - DEWEY DECIMAL CLASSIFICATION NUMBER
Classification number 362
100 ## - MAIN ENTRY--PERSONAL NAME
Personal name Gupta, Dr. Sunny
245 ## - TITLE STATEMENT
Title Mr. Detox; The Game Changer of Heath/
Statement of responsibility, etc By Dr. Sunny Gupta
250 ## - EDITION STATEMENT
Edition statement First
260 ## - PUBLICATION, DISTRIBUTION, ETC. (IMPRINT)
Name of publisher, distributor, etc Bluerose Publisher
Date of publication, distribution, etc 2023
Place of publication, distribution, etc New Delhi
270 ## - ADDRESS
City New Delhi
Telephone number 8882898898
Electronic mail address info@bluerosepublishers.com
300 ## - PHYSICAL DESCRIPTION
Extent 101p.
Dimensions 20cm (pbk)
942 ## - ADDED ENTRY ELEMENTS (KOHA)
Source of classification or shelving scheme Dewey Decimal Classification
Item type English Books
Classification part 362
Call number suffix Gup
Holdings
Withdrawn status Lost status Not for loan Collection code Home library Current library Date acquired Source of acquisition Cost, normal purchase price Full call number Barcode Copy number Cost, replacement price Koha item type
      Non-fiction Vinoba Puri Vinoba Puri 20/01/2025 DBAD 300.00 362 Gup EN-127062 1 300.00 English Books

© Delhi Public Library
Hit Counter
free hit counter